| 000 | 01089nam a22003257a 4500 | ||
|---|---|---|---|
| 001 | 200452356 | ||
| 999 |
_c200452356 _d70568 |
||
| 003 | TR-AnTOB | ||
| 005 | 20240905164522.0 | ||
| 007 | ta | ||
| 008 | 230117s2020 tu a|||j |||| 00| j tur d | ||
| 020 | _a9786051885162 | ||
| 040 |
_aTR-AnTOB _beng _erda _cTR-AnTOB |
||
| 041 | 1 |
_atur _heng |
|
| 092 |
_a808.068 _bBLAp 2020 |
||
| 100 | 1 |
_aBlabey, Aaron. _eauthor and illustrator |
|
| 240 | 1 | 0 | _aPig the fibber |
| 245 | 1 |
_aPig adında bir yalancı / _cYazan ve Resimleyen: Aaron Blabey ; Çeviri: Nurten Hatırnaz. |
|
| 250 | _a1. baskı | ||
| 264 | 1 |
_aİstanbul : _bBeyaz Balina Yayınları, _32020. |
|
| 300 |
_a28 pages : _billustrations ; _c25 cm. |
||
| 336 |
_2rdacontent _atext _btxt |
||
| 337 |
_2rdamedia _aunmediated _bn |
||
| 338 |
_2rdacarrier _avolume _bnc |
||
| 490 | 0 |
_aBeyaz Balina Yayınları. _aOrganik Kitaplar ; _v41. |
|
| 653 |
_aÇocuk edebiyatı _aÇocuk hikayeleri _aDavranış kazandırmak _aYalan söylemek |
||
| 700 | 1 |
_aHatırnaz, Nurten _etranslator _9138461 |
|
| 942 |
_2ddc _cBK |
||